000 00399nam a2200145Ia 4500
020 _a(hb)
082 _a327.095491
_bBHO
_cD
100 _aBhutto, Zulfikar Ali
_937719
245 _aThe Myth of independence
260 _aLahore:
_bClassic
_c1994 ?
300 _a188p
526 _a0
_b0
_c0
_d327_095491000000000_BHO
650 _aPakistan -- Foreign Relations -- 1947-1969
_937720
942 _2ddc
_cBK
999 _c542537
_d542537